000 00767nam a2200181 a 4500
008 120416s0000 ||||||||||||||||| || u
020 _a090303168x
050 _aTA 190 Lon
100 _aLongland, F
245 1 0 _aField engineering
246 _aan introduction to development work and construction in rural areas
260 _aLondon
_bIntermediate Technology Pub
_c1983
300 _axxii, 251p. : ill.
350 _a0.00
700 _aStern, Peter H
995 _aANNEX COLLECTION (Main Library)
_D0.00
_e723503
_FCBU-MAIN LIBRARY (Kitwe)
_H1
_I7.50
_jTA 190 Lon
_UAVAILABLE
_y014585
_ZAnnex Low-Usage Collection
995 _aTEXTBOOKS (SBE)
_D0.00
_e5268
_FCBU-SCHOOL TEXTBOOK COLLECTIONS
_H1
_I0.00
_jSCHOOL TEXTBOOK
_M1
_UAVAILABLE
_WSep 3, 2009
_y5268
_ZSchool Collections
999 _c63016
_d63016